Coqs, poules, poulets et poussins de fiction de fiction - Statistiques

Statistiques générales
  • Ce quiz a été pris 7 fois
  • Le résultat moyen est 4 sur 11
Statistiques - réponses
Coq/Poule/Poulet/Poussin de fiction Univers % Correct
Caliméro Caliméro
100%
Chicken Little Chicken Little
80%
Ginger Chicken Run
40%
Footix Coupe du monde de football 1998
40%
Charlie le coq Looney Tunes
40%
Cocotte The Legend of Zelda
40%
Hei Hei Vaiana
40%
Panchito Pistoles Donald
20%
Matilda Angry Birds
0%
Audrey La Ferme se rebelle
0%
Adam de la Halle Robin des Bois
0%
Aucun quiz correspondant
Distribution des résultats
% des personnes avec chaque résultat
Percentile par nombre de réponses
Votre historique - résultats
Vous n’avez pas pris ce quiz